00967nam a2200277 a 4500001001300000003000900013005001700022008004100039020001000080082001500090100002100105245003700126260004500163300000900208500003500217505001200252650001900264650002100283700002100304902000800325942000700333952009500340952009500435952014400530999001500674nice12345678IN_TiNIC20260116011555.0050524s1963 lona grp 000 0 eng  ac10000a297.4bWAT aWatt, Montgomery aFaith and Practice of Al-Ghazali aLondonbGeorge Allen and Unwin Ltdc1963 a155p aincludes index and biblioraphy2 aIndices aSufism-Ghazali aSufism-Alghazali1 aWatt, Montgomery bSRS cBK 00104070aHMIbHMId2019-06-28g100.00l0o297.4 WATp01180r0000-00-00w2026-01-16yEB 00104070aHMIbHMId2019-06-28g100.00l0o297.4 WATp02546r0000-00-00w2026-01-16yEB 001040708NFICaHMIbHMIcGENd2022-06-24eDr. Andreas D'Souza collectiong100.00l0o297.4 WAT C3p11002892r2022-06-24w2022-06-24yEB c2688d2688